=LDR 00000nam 2200000 4500 =001 INLIS000000000048326 =005 20161021103319.0 =006 =007 =008 =020 ##$$a 978-602-9041-80-4 =035 ##$$0010-101600000000084 =082 ##$$a 425 =090 ##$$a 425 Han j =100 ##$$a Miranda , Hanna =245 ##$$a jurus kilat Menguasai Grammar $b Untuk Pelajar, Mahasiswa & Umum =260 ##$$a Jakarta $b Laskar Aksara $c 2012 =300 ##$$a 158 hlm $c 19 cm =990 ##$$a 0001/BPAP-NTB/2016